Three Rationalities in Development Decisions

Saved in:
Bibliographic Details
Main Author: Goulet, Denis
Format: Book
Language:English
Published: Budapest Institute for World Economy 1986
Edition:1. ed.
Tags: Add Tag
No Tags, Be the first to tag this record!

MARC

LEADER 00000nam a2200000 4500
001 c033892
005 20221220073058.8
041 0 |a eng 
044 |a HU 
245 1 0 |a Three Rationalities in Development Decisions  |c Denis Goulet 
250 |a 1. ed. 
264 1 |a Budapest  |b Institute for World Economy  |c 1986 
300 |a 25 s. 
100 1 |a Goulet, Denis